[Event "Let's Play Chess!"]
[Site "http://www.queenalice.com/game.php?id=1238194"]
[Date "2013.12.6"]
[Round "-"]
[White "Alekhine11"]
[Black "rodrigomni"]
[Result "1-0"]
[WhiteElo "1054"]
[BlackElo "1479"]

1. e4 e5 2. d4 f6 3. dxe5 fxe5 4. Bc4 Nf6 5. Bg5 Be7 6. Bxf6 Bxf6 7. Nf3 Nc6 8.
O-O d6 9. Nbd2 a6 10. c3 Bg4 11. Qb3 Bxf3 12. Nxf3 Na5 13. Qa4+ Nc6 14. Bd5 Qd7
15. Rad1 O-O-O 16. Bxc6 Qxc6 17. Qxc6 bxc6 18. b4 h6 19. a4 Bg5 20. Rb1 d5 21.
exd5 1-0

[Event "Challenge"]
[Site "http://www.queenalice.com/game.php?id=1272649"]
[Date "2014.4.13"]
[Round "-"]
[White "eduardocosta"]
[Black "rodrigomni"]
[Result "1-0"]
[WhiteElo "1725"]
[BlackElo "1479"]

1. e3 e5 2. Be2 d5 3. Nf3 Nc6 4. Bb5 Bd7 5. Bxc6 Bxc6 6. Nxe5 Qd6 7. d4 f6 8.
Nf3 Be7 9. Bd2 a6 10. a3 O-O-O 11. Bb4 Qd7 12. Bxe7 Nxe7 13. Nc3 h6 14. Ne2 Bb5
15. b3 a5 16. O-O Bxe2 17. Qxe2 b6 18. b4 a4 19. c4 Rhe8 20. c5 bxc5 21. bxc5
Nc6 22. Qa6+ Kb8 23. Qxa4 Kb7 24. Rab1+ Kc8 25. Qa8+ Nb8 26. Qxb8# 1-0

[Event "Challenge"]
[Site "http://www.queenalice.com/game.php?id=1272650"]
[Date "2014.4.13"]
[Round "-"]
[White "eduardocosta"]
[Black "rodrigomni"]
[Result "1-0"]
[WhiteElo "1757"]
[BlackElo "1468"]

1. e3 d5 2. Be2 Qd6 3. Nf3 h6 4. d4 Nf6 5. Bd2 e6 6. a3 Be7 7. Bb4 Qb6 8. Bxe7
Kxe7 9. b3 a6 10. O-O Rd8 11. Nc3 Nc6 12. Na4 Qa7 13. Nc5 b6 14. Nd3 Rf8 15. a4
Bd7 16. c4 dxc4 17. bxc4 Na5 18. c5 b5 19. axb5 axb5 20. Nfe5 Qb7 21. Qc2 Ne4
22. Nb4 Rfb8 23. c6 Bxc6 24. Nbxc6+ Nxc6 25. Nxc6+ Ke8 26. Nxb8 Rxb8 27. Bf3 f5
28. Bxe4 fxe4 29. Rfb1 c6 30. Qxe4 Ke7 31. Qh7 Kd6 32. Qe4 1-0

[Event "Challenge"]
[Site "http://www.queenalice.com/game.php?id=1318654"]
[Date "2014.10.28"]
[Round "-"]
[White "gobblemate"]
[Black "rodrigomni"]
[Result "1-0"]
[WhiteElo "1757"]
[BlackElo "1500"]

1. d4 d5 2. c4 Nf6 3. Nf3 Be6 4. Nc3 dxc4 5. e4 c6 6. Ng5 Qd7 7. Nxe6 Qxe6 8. f3
Nfd7 9. d5 cxd5 10. Qxd5 Qxd5 11. exd5 Nb6 12. b3 N8d7 13. Be3 Rc8 14. bxc4 Nxc4
15. Bxa7 e6 16. dxe6 fxe6 17. Bd3 Nb2 18. Kd2 Ne5 19. Bb5+ Kf7 20. Bd4 Bb4 21.
Bxe5 Rhd8+ 22. Kc2 Nc4 23. Bxc4 Rxc4 24. Rab1 Rdc8 25. Rb3 Ba5 26. Kd3 b5 27.
Nxb5 R8c5 28. Nd6+ 1-0

[Event "Challenge"]
[Site "http://www.queenalice.com/game.php?id=1318655"]
[Date "2014.10.28"]
[Round "-"]
[White "rodrigomni"]
[Black "gobblemate"]
[Result "1-0"]
[WhiteElo "1464"]
[BlackElo "1692"]

1. e4 c5 2. d3 e6 3. Nc3 g6 4. Nf3 Bg7 5. Bg5 Qa5 6. Bd2 a6 7. Nd5 exd5 8. Bxa5
dxe4 9. dxe4 Bxb2 10. Bc4 Nc6 11. Bb6 Nge7 12. Bxc5 1-0

[Event "Challenge"]
[Site "http://www.queenalice.com/game.php?id=1320039"]
[Date "2014.11.3"]
[Round "-"]
[White "dejami"]
[Black "rodrigomni"]
[Result "1-0"]
[WhiteElo "1782"]
[BlackElo "1494"]

1. e4 e5 2. Bc4 Nc6 3. Qf3 Nf6 4. c3 Bd6 5. g4 g5 6. d3 a6 7. Bxg5 Be7 8. Bxf6
Bxf6 9. g5 Qe7 10. gxf6 Qd6 11. Nh3 b5 12. Bd5 Bb7 13. Ng5 O-O 14. Rg1 Nd8 15.
Nxf7# 1-0

[Event "AUTO-INT-2920"]
[Site "http://www.queenalice.com/game.php?id=1320833"]
[Date "2014.11.7"]
[Round "1"]
[White "tche_elvio"]
[Black "rodrigomni"]
[Result "1-0"]
[WhiteElo "1626"]
[BlackElo "1473"]

1. d4 d5 2. c4 dxc4 3. Nc3 e6 4. e4 Bb4 5. Bxc4 Bxc3+ 6. bxc3 Nf6 7. Bd3 Nc6 8.
Nf3 h6 9. O-O Nh5 10. Ne5 Nxe5 11. dxe5 a6 12. Qxh5 Qxd3 13. Bb2 Qxe4 14. Rfe1
Qc2 15. Qe2 Qg6 16. Qe4 f5 17. exf6 Qxf6 18. Qa4+ c6 19. Qc2 Bd7 20. c4 Qg5 21.
Re5 Qe7 22. a4 O-O-O 23. Ba3 Qf7 24. Qb3 Rhf8 25. Bxf8 Rxf8 26. Ra2 b5 27. axb5
axb5 28. Ra8+ Kc7 29. Rxf8 Qxf8 30. cxb5 Qd6 31. b6+ Kb7 32. Ra5 Qd4 33. Ra7+
Kb8 34. Ra4 Qc5 35. Rc4 Qd5 36. Rb4 Qc5 37. Qc4 Qa5 38. Qd4 c5 39. Qf4+ Kb7 40.
Qc7+ 1-0

[Event "AUTO-INT-2920"]
[Site "http://www.queenalice.com/game.php?id=1320834"]
[Date "2014.11.7"]
[Round "1"]
[White "rodrigomni"]
[Black "tche_elvio"]
[Result "0-1"]
[WhiteElo "1511"]
[BlackElo "1640"]

1. e4 c5 2. Qh5 e6 3. Bc4 Nf6 4. Qf3 Nc6 5. d3 Ne5 6. Qf4 d6 7. Nf3 Nxf3+ 8.
Qxf3 Bd7 9. Bg5 Be7 10. Bxf6 Bxf6 11. Nc3 a6 12. b3 b5 13. e5 Bxe5 14. O-O Bxc3
15. Rad1 bxc4 16. dxc4 Qf6 17. Qg3 Be5 18. Qe3 Bc6 19. a4 Qg6 20. c3 O-O 21. g3
Qe4 22. Qxe4 Bxe4 23. f3 Bc6 24. f4 Bxc3 25. Rxd6 Bd4+ 0-1

[Event "AUTO-INT-2920"]
[Site "http://www.queenalice.com/game.php?id=1320849"]
[Date "2014.11.7"]
[Round "1"]
[White "rodrigomni"]
[Black "pssservicos"]
[Result "0-1"]
[WhiteElo "1490"]
[BlackElo "1466"]

1. e4 e5 2. d3 Nf6 3. Bg5 h6 4. Bxf6 Qxf6 5. Nc3 Bb4 6. Qd2 Bxc3 7. Qxc3 c6 8.
Nf3 O-O 9. Be2 d6 10. d4 exd4 11. Qxd4 Qxd4 12. Nxd4 c5 13. Nf5 Bxf5 14. f3 Bh7
15. Rd1 Nc6 16. O-O Nd4 17. Bd3 b5 18. c3 Nc6 19. Bxb5 Ne5 20. Rxd6 Rab8 21. Be2
Rxb2 22. Rfd1 g6 23. Ra6 Rxe2 24. Rxa7 g5 25. Rd5 f6 0-1

[Event "AUTO-INT-2920"]
[Site "http://www.queenalice.com/game.php?id=1320850"]
[Date "2014.11.7"]
[Round "1"]
[White "pssservicos"]
[Black "rodrigomni"]
[Result "1/2-1/2"]
[WhiteElo "1686"]
[BlackElo "1453"]

1. e4 d5 2. e5 e6 3. Nf3 f6 4. exf6 Nxf6 5. Ne5 Qd6 6. d4 Nc6 7. Nf3 e5 8. dxe5
Nxe5 9. Qe2 Bg4 10. h3 Bxf3 11. gxf3 Qb4+ 12. c3 Qh4 13. Qxe5+ Kd8 14. Bf4 Bd6
15. Qg5 Qxf4 16. Qxf4 Bxf4 17. Na3 Re8+ 18. Be2 Kd7 19. Nc2 c6 20. Rg1 g6 21.
Kf1 a6 22. b4 b5 23. a4 Bd2 24. axb5 cxb5 25. Nd4 Bxc3 26. Rd1 Bxb4 27. f4 Rac8
28. Bg4+ Nxg4 29. hxg4 Rf8 30. f5 gxf5 31. gxf5 Bc5 32. Nb3 Kd6 33. Rg5 Ke5 34.
Re1+ Kf6 35. Rh5 Bb4 36. Rc1 Rxc1+ 37. Nxc1 Rf7 38. Nd3 a5 39. Nf4 a4 40. Nxd5+
Ke5 41. Nxb4 Rxf5 42. Nc6+ Kf4 43. Rxf5+ Kxf5 44. Nd4+ Kg5 45. Nxb5 h5 46. Nc3
a3 47. Kg2 h4 48. Kh3 Kh5 49. f3 Kg5 50. Na2 Kf4 51. Kxh4 Kxf3 52. Kg5 Ke2 53.
Kf4 Kd2 54. Ke4 Kc2 55. Kd4 Kb3 56. Nc3 a2 57. Nxa2 Kxa2 58. Kc4 1/2-1/2

[Event "AUTO-INT-2920"]
[Site "http://www.queenalice.com/game.php?id=1320851"]
[Date "2014.11.7"]
[Round "1"]
[White "rodrigomni"]
[Black "mp3"]
[Result "0-1"]
[WhiteElo "1463"]
[BlackElo "1606"]

1. e4 e5 2. d3 Nf6 3. Bg5 Be7 4. Bxf6 Bxf6 5. Nc3 d6 6. h3 O-O 7. Qf3 Nd7 8.
O-O-O b6 9. a3 a5 10. Nge2 Bg5+ 11. Kb1 h6 12. Nd5 Bb7 13. Ndc3 c6 14. d4 exd4
15. Nxd4 c5 16. Ncb5 Ne5 17. Qb3 a4 18. Qg3 Bf6 19. b3 Ba6 20. Nc3 cxd4 21. Nd5
Bxf1 22. Rhxf1 axb3 23. cxb3 Rxa3 24. Rxd4 Nc4 25. Rxc4 Ra1+ 26. Kc2 Rxf1 27. f3
b5 28. Rb4 Qa5 29. Rd4 Bxd4 0-1

[Event "AUTO-INT-2920"]
[Site "http://www.queenalice.com/game.php?id=1320852"]
[Date "2014.11.7"]
[Round "1"]
[White "mp3"]
[Black "rodrigomni"]
[Result "0-1"]
[WhiteElo "1595"]
[BlackElo "1489"]

1. e4 e5 2. Qh5 Qf6 3. Nf3 g6 4. Qh4 d6 5. Qxf6 Nxf6 6. d3 Bg4 7. Be2 Bxf3 8.
Bxf3 Nc6 9. Bg5 Be7 10. O-O Nd7 11. Bxe7 Nxe7 12. Nc3 O-O-O 13. Bg4 f5 14. exf5
gxf5 15. Bf3 Rhf8 16. Nb5 Nc6 17. Bxc6 bxc6 18. Nxa7+ Kb7 19. Nxc6 Kxc6 20. c4
Kc5 21. Rfe1 f4 22. f3 Nb6 23. a3 Na4 24. b3 Nb6 25. b4+ Kc6 26. b5+ Kd7 27. a4
Ke6 28. d4 Nxc4 29. Rac1 Na5 30. Rxc7 Nb3 31. Rxh7 Nxd4 32. Rh6+ Kf5 33. Re4 d5
34. Re1 Ra8 35. Ra1 Rf6 36. Rh7 Nxb5 37. a5 Rfa6 38. Rb7 Nc3 39. Rc7 Rxa5 40.
Rxa5 Rxa5 41. Rxc3 Ra4 42. g3 d4 43. Rd3 fxg3 44. hxg3 e4 45. fxe4+ Kxe4 46. Rb3
d3 47. Kf1 Ra1+ 48. Kf2 Ra2+ 49. Ke1 Ke3 50. Kd1 Rd2+ 51. Kc1 Ke2 52. Rb2 Rxb2
53. Kxb2 d2 54. g4 d1=Q 55. g5 Kd2 56. g6 Qc2+ 57. Ka3 Qxg6 58. Ka4 Kc3 59. Ka5
Kc4 60. Ka4 Qb6 61. Ka3 Qb3# 0-1

[Event "Challenge"]
[Site "http://www.queenalice.com/game.php?id=1323768"]
[Date "2014.11.23"]
[Round "-"]
[White "dejami"]
[Black "rodrigomni"]
[Result "0-1"]
[WhiteElo "1736"]
[BlackElo "1462"]

1. e4 d5 2. e5 e6 3. d4 Nc6 4. c3 h6 5. f4 f5 6. g3 g6 7. Bb5 Bd7 8. Qe2 Nce7 9.
Nf3 a6 10. Ba4 Bxa4 11. b3 Bb5 12. Qd2 Qd7 13. a4 Bc6 14. Nh4 O-O-O 15. Qf2 h5
16. Nd2 Nh6 17. h3 Bg7 18. Ndf3 Kb8 19. Ba3 Bf8 20. Bxe7 Bxe7 21. Nxg6 Rhg8 22.
Ngh4 Bxh4 23. gxh4 Qe7 24. Kd2 Nf7 25. Kd3 b5 26. a5 b4 27. c4 dxc4+ 28. bxc4
Qd7 29. Qb2 Qe7 30. Rhf1 Rg3 31. Ke3 Rxh3 32. Ke2 Nh6 33. Rad1 Ng4 34. Qb3 Bxf3+
35. Rxf3 Rh2+ 36. Kd3 Nf2+ 37. Kd2 Nxd1+ 38. Kxd1 Rxd4+ 39. Kc1 Qc5 0-1

[Event "Let's Play Chess!"]
[Site "http://www.queenalice.com/game.php?id=1331683"]
[Date "2014.12.31"]
[Round "-"]
[White "rodrigomni"]
[Black "carlosufpe"]
[Result "1-0"]
[WhiteElo "1511"]
[BlackElo "1712"]

1. e4 d6 2. d3 e5 3. Qf3 Nf6 4. Bg5 Be7 5. Bxf6 Bxf6 6. a3 O-O 7. Nc3 c6 8. Be2
Nd7 9. h3 Be7 10. O-O-O a5 11. Na4 b5 12. Nc3 b4 13. axb4 axb4 14. Nb1 Nf6 15.
b3 d5 16. g3 dxe4 17. dxe4 Qa5 18. Bc4 Rd8 19. g4 Rxd1+ 20. Kxd1 Ba6 21. Nd2
Qa1+ 22. Ke2 Bxc4+ 23. Nxc4 Qd4 24. g5 Qxe4+ 25. Kf1 Qxf3 26. Nxf3 Nd7 27. h4
Ra1+ 28. Kg2 Rxh1 29. Kxh1 e4 30. Nd4 c5 31. Nc6 Bf8 32. Kg2 g6 33. Kg3 Bd6+ 34.
Nxd6 f5 35. gxf6 Nxf6 36. Kf4 1-0